| 000 | 00984cam a2200313 i 4500 | ||
|---|---|---|---|
| 001 | 200441191 | ||
| 999 |
_c200441191 _d59403 |
||
| 003 | TR-AnTOB | ||
| 005 | 20240824073708.0 | ||
| 007 | ta | ||
| 008 | 720811s1971 fr a b 000 0 eng | ||
| 010 | _a72183042 | ||
| 015 | _aF*** | ||
| 040 |
_aDLC _beng _erda _cDLC _dTR-AnTOB |
||
| 041 | 0 | _aeng | |
| 043 | _ae-sz--- | ||
| 050 | 0 |
_aQ127.S9 _bR48 1971 |
|
| 090 |
_aTOBBK Q127.S9 _bR48 1971 |
||
| 245 | 0 | 0 |
_aReviews of national science policy. _pSwitzerland. |
| 264 | 1 |
_a[Paris] : _b[Organisation for Economic Co-operation and Development], _c[1971]. |
|
| 300 |
_a253 pages : _billustrations ; _c24 cm |
||
| 336 |
_atext _btxt _2rdacontent. |
||
| 337 |
_aunmediated _bn _2rdamedia. |
||
| 338 |
_avolume _bnc _2rdacarrier. |
||
| 650 | 0 |
_aScience and state _zSwitzerland _940824 |
|
| 710 | 2 |
_aOrganisation for Economic Co-operation and Development _933753 |
|
| 942 |
_2z _cBK |
||